Construction of non-simply connected CMC surfaces via dressing /

Đã lưu trong:
書目詳細資料
主要作者: Dorfmeister, Josef.
其他作者: Haak, Guido.
格式: Bài viết
語言:English
主題:
標簽: 添加標簽
沒有標簽, 成為第一個標記此記錄!
Thư viện lưu trữ: Thư viện Trường Đại học Đà Lạt
LEADER 00836nam a2200277 4500
001 DLU090078082
005 ##20090608
040 # # |a DLU  |b eng 
041 # # |a eng 
044 # # |a JP 
100 # # |a Dorfmeister, Josef.  
245 # # |a Construction of non-simply connected CMC surfaces via dressing /  |c Josef Dorfmeister, Guido Haak. 
653 # # |a CMC surfaces  
653 # # |a Cylinders with umbilics 
653 # # |a Dressing 
700 # # |a Haak, Guido.  
773 # # |t Journal of the Mathematical Society of Japan  |g Vol. 55, no. 2 (April 2003), p. 335-364 
920 # # |a Phòng Tạp chí -- Trung tâm Thông tin - Thư viện Trường Đại học Đà Lạt 
994 # # |a DLU 
900 # # |a True 
911 # # |a Trương Bảo Trâm Anh 
925 # # |a G 
926 # # |a A 
927 # # |a BB 
980 # # |a Thư viện Trường Đại học Đà Lạt